Statistics for Diaspora-Afghanistan

Click here to take the quiz!

General Stats

  • This quiz has been taken 39 times
  • The average score is 13 of 15

Answer Stats

Number of immigrants Continent Country % Correct
2.000.000AsiaPakistan
100%
2.500.000AsiaIran
97%
150.000Asia/ EuropeRussia
97%
350.000EuropeGermany
94%
97.865North AmericaUnited States of America
94%
76.000EuropeUnited Kingdom
94%
11.439.000AsiaIndia
91%
120.500Asia/ EuropeTurkey
91%
83.995North AmericaCanada
91%
19.416OceaniaAustralia
77%
44.000EuropeSweden
71%
300.000AsiaUnited Arab Emirates
69%
60.000Europethe Netherlands
66%
15.854EuropeDenmark
60%
45.259EuropeAustria
57%

Score Distribution

Percentile by Number Answered

Percent of People with Each Score

Your Score History

You have not taken this quiz